[Event "9. Forchheimer Sparkassen Open 2010"]
[Site "Forchheim"]
[Date "2010.10.01"]
[Round "1.27"]
[White "Heinkelmann, Josef"]
[Black "Schulz, Lukas"]
[Result "0-1"]
[WhiteElo "1914"]
[BlackElo "1612"]
[PlyCount "78"]
[EventDate "2010.??.??"]
[WhiteTeam "SC Forchheim e.V."]
[BlackTeam "SC Höchstadt/Aisch"]

1. c4 {[%emt 0:00:00]} Nf6 {[%emt 0:00:01]} 2. Nc3 {[%emt 0:00:02]} g6 {
[%emt 0:00:01]} 3. Nf3 {[%emt 0:00:02]} Bg7 {[%emt 0:00:01]} 4. e4 {
[%emt 0:00:02]} c5 {[%emt 0:00:01]} 5. d4 {[%emt 0:00:02]} cxd4 {[%emt 0:00:02]
} 6. Nxd4 {[%emt 0:00:01]} d6 {[%emt 0:00:01]} 7. g3 {[%emt 0:00:02]} O-O {
[%emt 0:00:05]} 8. Bg2 {[%emt 0:00:02]} Bd7 {[%emt 0:00:11]} 9. O-O {
[%emt 0:00:03]} Nc6 {[%emt 0:00:03]} 10. Be3 {[%emt 0:00:03]} Rc8 {
[%emt 0:00:02]} 11. Nxc6 {[%emt 0:00:07]} bxc6 {[%emt 0:00:02]} 12. Bxa7 {
[%emt 0:00:02]} c5 {[%emt 0:00:03]} 13. Nb5 {[%emt 0:00:05]} Bxb5 {
[%emt 0:00:02]} 14. cxb5 {[%emt 0:00:02]} Qa5 {[%emt 0:00:02]} 15. b6 {
[%emt 0:00:02]} Nd7 {[%emt 0:00:01]} 16. Qb3 {[%emt 0:00:03]} c4 {
[%emt 0:00:01]} 17. Qe3 {[%emt 0:00:02]} Rc5 {[%emt 0:00:02]} 18. Qe1 {
[%emt 0:00:04]} Bxb2 {[%emt 0:00:02]} 19. Qxa5 {[%emt 0:00:13]} Rxa5 {
[%emt 0:00:01]} 20. Bh3 {[%emt 0:00:03]} Nc5 {[%emt 0:00:03]} 21. Rad1 {
[%emt 0:00:03]} c3 {[%emt 0:00:02]} 22. Rd4 {[%emt 0:00:02]} Rxa2 {
[%emt 0:00:02]} 23. Rc4 {[%emt 0:00:02]} e6 {[%emt 0:00:01]} 24. Rd1 {
[%emt 0:00:03]} Rd8 {[%emt 0:00:02]} 25. Rxc5 {[%emt 0:00:02]} Ra1 {
[%emt 0:00:05]} 26. Rxa1 {[%emt 0:00:03]} dxc5 {[%emt 0:00:00]} 27. Re1 {
[%emt 0:00:04]} c2 {[%emt 0:00:02]} 28. b7 {[%emt 0:00:02]} Be5 {[%emt 0:00:02]
} 29. f4 {[%emt 0:00:02]} Rd1 {[%emt 0:00:19]} 30. fxe5 {[%emt 0:00:03]} Rxe1+
{[%emt 0:00:02]} 31. Kf2 {[%emt 0:00:02]} Rb1 {[%emt 0:00:02]} 32. b8=Q+ {
[%emt 0:00:04]} Rxb8 {[%emt 0:00:02]} 33. Bxb8 {[%emt 0:00:02]} c1=Q {
[%emt 0:00:02]} 34. Bd6 {[%emt 0:00:02]} Qd2+ {[%emt 0:00:02]} 35. Kg1 {
[%emt 0:00:03]} c4 {[%emt 0:00:01]} 36. Bf1 {[%emt 0:00:02]} c3 {[%emt 0:00:04]
} 37. Bc5 {[%emt 0:00:01]} c2 {[%emt 0:00:03]} 38. Bf2 {[%emt 0:00:02]} c1=Q {
[%emt 0:00:03]} 39. Kg2 {[%emt 0:00:01]} Qcc2 {[%emt 0:00:03]} 0-1

[Event "9. Forchheimer Sparkassen Open 2010"]
[Site "Forchheim"]
[Date "2010.10.01"]
[Round "1.28"]
[White "Körber, Christian"]
[Black "Schloetterer, Hermann"]
[Result "0-1"]
[WhiteElo "1690"]
[BlackElo "1980"]
[PlyCount "74"]
[EventDate "2010.??.??"]
[WhiteTeam "SF Fürth 1951 e.V."]
[BlackTeam "SC Noris-Tarrasch Nürnberg 1873"]

1. d4 {[%emt 0:00:00]} Nf6 {[%emt 0:00:01]} 2. Nf3 {[%emt 0:00:02]} c5 {
[%emt 0:00:01]} 3. e3 {[%emt 0:00:01]} g6 {[%emt 0:00:02]} 4. c4 {
[%emt 0:00:02]} Bg7 {[%emt 0:00:02]} 5. Nc3 {[%emt 0:00:02]} O-O {
[%emt 0:00:02]} 6. b3 {[%emt 0:00:02]} d6 {[%emt 0:00:02]} 7. Bb2 {
[%emt 0:00:02]} cxd4 {[%emt 0:00:01]} 8. exd4 {[%emt 0:00:02]} Bf5 {
[%emt 0:00:02]} 9. Bd3 {[%emt 0:00:02]} Bxd3 {[%emt 0:00:02]} 10. Qxd3 {
[%emt 0:00:02]} Nc6 {[%emt 0:00:02]} 11. d5 {[%emt 0:00:02]} Nb4 {
[%emt 0:00:01]} 12. Qd2 {[%emt 0:00:02]} Ng4 {[%emt 0:00:03]} 13. h3 {
[%emt 0:00:02]} Bh6 {[%emt 0:00:02]} 14. Qe2 {[%emt 0:00:03]} Nf6 {
[%emt 0:00:02]} 15. O-O {[%emt 0:00:02]} Qd7 {[%emt 0:00:02]} 16. Rfe1 {
[%emt 0:00:02]} Rfe8 {[%emt 0:00:02]} 17. Ne4 {[%emt 0:00:02]} Nh5 {
[%emt 0:00:02]} 18. Bc3 {[%emt 0:00:04]} Nf4 {[%emt 0:00:02]} 19. Qd1 {
[%emt 0:00:02]} Nbd3 {[%emt 0:00:03]} 20. Re3 {[%emt 0:00:02]} Nc5 {
[%emt 0:00:01]} 21. Nxc5 {[%emt 0:00:03]} dxc5 {[%emt 0:00:01]} 22. Re4 {
[%emt 0:00:14]} Rad8 {[%emt 0:00:11]} 23. Bd2 {[%emt 0:00:06]} Qf5 {
[%emt 0:00:02]} 24. Re5 {[%emt 0:00:02]} Qf6 {[%emt 0:00:02]} 25. Kh2 {
[%emt 0:00:03]} Nd3 {[%emt 0:00:04]} 26. Re2 {[%emt 0:00:02]} Bf4+ {
[%emt 0:00:01]} 27. g3 {[%emt 0:00:02]} Bd6 {[%emt 0:00:01]} 28. Kg2 {
[%emt 0:00:02]} Ne5 {[%emt 0:00:02]} 29. Nxe5 {[%emt 0:00:02]} Bxe5 {
[%emt 0:00:01]} 30. Rc1 {[%emt 0:00:02]} e6 {[%emt 0:00:02]} 31. dxe6 {
[%emt 0:00:03]} Qxe6 {[%emt 0:00:01]} 32. Qe1 {[%emt 0:00:06]} Qc6+ {
[%emt 0:00:03]} 33. Kg1 {[%emt 0:00:03]} Bd4 {[%emt 0:00:01]} 34. Be3 {
[%emt 0:00:04]} Qf3 {[%emt 0:00:03]} 35. Rcc2 {[%emt 0:00:03]} Bxe3 {
[%emt 0:00:02]} 36. Rxe3 {[%emt 0:00:04]} Rxe3 {[%emt 0:00:02]} 37. fxe3 {
[%emt 0:00:03]} Rd1 {[%emt 0:00:01]} 0-1

[Event "9. Forchheimer Sparkassen Open 2010"]
[Site "Forchheim"]
[Date "2010.10.01"]
[Round "1.29"]
[White "Walter, Manfred"]
[Black "Stolzenwald, Karl-Heinz"]
[Result "0-1"]
[WhiteElo "1825"]
[BlackElo "1778"]
[PlyCount "98"]
[EventDate "2010.??.??"]
[WhiteTeam "SV Lauf a.d.P."]
[BlackTeam "Post-SV Memmingen e.V."]

1. Nf3 {[%emt 0:00:00]} d5 {[%emt 0:00:02]} 2. c4 {[%emt 0:00:35]} c6 {
[%emt 0:00:01]} 3. b3 {[%emt 0:00:01]} Nf6 {[%emt 0:00:02]} 4. Bb2 {
[%emt 0:00:02]} e6 {[%emt 0:00:02]} 5. g3 {[%emt 0:00:04]} Be7 {[%emt 0:00:02]}
6. Bg2 {[%emt 0:00:02]} O-O {[%emt 0:00:01]} 7. O-O {[%emt 0:00:00]} Nbd7 {
[%emt 0:00:03]} 8. d3 {[%emt 0:00:02]} b6 {[%emt 0:00:02]} 9. Nbd2 {
[%emt 0:00:09]} Bb7 {[%emt 0:00:02]} 10. a3 {[%emt 0:00:02]} c5 {[%emt 0:00:01]
} 11. e3 {[%emt 0:00:02]} Ne8 {[%emt 0:00:02]} 12. cxd5 {[%emt 0:05:32]} exd5 {
[%emt 0:00:01]} 13. d4 {[%emt 0:00:05]} Bf6 {[%emt 0:00:05]} 14. Ra2 {
[%emt 0:00:02]} c4 {[%emt 0:00:01]} 15. bxc4 {[%emt 0:00:02]} dxc4 {
[%emt 0:00:01]} 16. Nxc4 {[%emt 0:00:07]} Bd5 {[%emt 0:00:07]} 17. Nfd2 {
[%emt 0:00:03]} Bxg2 {[%emt 0:00:02]} 18. Kxg2 {[%emt 0:00:01]} Rc8 {
[%emt 0:00:02]} 19. a4 {[%emt 0:00:05]} Nb8 {[%emt 0:00:09]} 20. Ba3 {
[%emt 0:00:05]} Be7 {[%emt 0:00:02]} 21. Qb3 {[%emt 0:00:02]} h5 {
[%emt 0:00:03]} 22. Ne5 {[%emt 0:00:02]} Bxa3 {[%emt 0:00:04]} 23. Rxa3 {
[%emt 0:00:05]} Nf6 {[%emt 0:00:03]} 24. Qd3 {[%emt 0:00:05]} Nbd7 {
[%emt 0:00:03]} 25. Nxd7 {[%emt 0:00:32]} Qxd7 {[%emt 0:00:01]} 26. e4 {
[%emt 0:00:03]} Rc7 {[%emt 0:00:02]} 27. Nf3 {[%emt 0:00:02]} Rfc8 {
[%emt 0:00:02]} 28. Ne5 {[%emt 0:00:02]} Qd6 {[%emt 0:00:02]} 29. f4 {
[%emt 0:00:03]} Nxe4 {[%emt 0:00:58]} 30. Ra2 {[%emt 0:00:02]} Qd5 {
[%emt 0:00:03]} 31. Raa1 {[%emt 0:00:04]} Nd2+ {[%emt 0:00:03]} 32. Kh3 {
[%emt 0:00:02]} Nxf1 {[%emt 0:00:04]} 33. Rxf1 {[%emt 0:00:03]} Rc2 {
[%emt 0:00:03]} 34. Nf3 {[%emt 0:00:02]} R8c3 {[%emt 0:00:02]} 35. Qb5 {
[%emt 0:00:02]} Qxb5 {[%emt 0:00:02]} 36. axb5 {[%emt 0:00:02]} Rc1 {
[%emt 0:00:03]} 37. Rf2 {[%emt 0:00:02]} R3c2 {[%emt 0:00:03]} 38. Rxc2 {
[%emt 0:00:02]} Rxc2 {[%emt 0:00:01]} 39. Kh4 {[%emt 0:00:02]} g6 {
[%emt 0:00:01]} 40. Kg5 {[%emt 0:00:02]} Kg7 {[%emt 0:00:01]} 41. f5 {
[%emt 0:00:02]} f6+ {[%emt 0:00:01]} 42. Kf4 {[%emt 0:00:01]} g5+ {
[%emt 0:00:01]} 43. Ke3 {[%emt 0:00:02]} Rb2 {[%emt 0:00:01]} 44. d5 {
[%emt 0:00:01]} Rxb5 {[%emt 0:00:01]} 45. Ke4 {[%emt 0:00:02]} Rb4+ {
[%emt 0:00:02]} 46. Nd4 {[%emt 0:00:02]} a5 {[%emt 0:00:02]} 47. d6 {
[%emt 0:00:01]} Kf7 {[%emt 0:00:01]} 48. Kd5 {[%emt 0:00:01]} Rxd4+ {
[%emt 0:00:01]} 49. Kxd4 {[%emt 0:00:01]} Ke8 {[%emt 0:00:01]} 0-1

[Event "9. Forchheimer Sparkassen Open 2010"]
[Site "Forchheim"]
[Date "2010.10.01"]
[Round "1.30"]
[White "Strobl, Thomas"]
[Black "Becker, Ralph"]
[Result "0-1"]
[WhiteElo "1790"]
[BlackElo "1755"]
[PlyCount "58"]
[EventDate "2010.??.??"]
[WhiteTeam "TSV 1860 Weißenburg e.V."]
[BlackTeam "SC 1975 Paimar"]

1. e4 {[%emt 0:00:00]} c5 {[%emt 0:00:01]} 2. Nf3 {[%emt 0:00:07]} d6 {
[%emt 0:00:02]} 3. Bb5+ {[%emt 0:00:02]} Nd7 {[%emt 0:00:01]} 4. d4 {
[%emt 0:00:03]} cxd4 {[%emt 0:00:01]} 5. Nxd4 {[%emt 0:00:03]} a6 {
[%emt 0:00:02]} 6. Bd3 {[%emt 0:00:02]} g6 {[%emt 0:00:01]} 7. Be3 {
[%emt 0:00:03]} Bg7 {[%emt 0:00:01]} 8. O-O {[%emt 0:00:02]} Nc5 {
[%emt 0:00:01]} 9. Nc3 {[%emt 0:00:02]} Nf6 {[%emt 0:00:01]} 10. Qd2 {
[%emt 0:00:02]} Ng4 {[%emt 0:00:01]} 11. Be2 {[%emt 0:00:03]} Nxe3 {
[%emt 0:00:02]} 12. Qxe3 {[%emt 0:00:04]} O-O {[%emt 0:00:02]} 13. Rfd1 {
[%emt 0:00:02]} b5 {[%emt 0:00:02]} 14. b4 {[%emt 0:00:02]} Ne6 {[%emt 0:00:02]
} 15. Nc6 {[%emt 0:00:06]} Qe8 {[%emt 0:00:01]} 16. Nd5 {[%emt 0:00:05]} Bxa1 {
[%emt 0:00:03]} 17. Ncxe7+ {[%emt 0:00:03]} Kh8 {[%emt 0:00:03]} 18. Rxa1 {
[%emt 0:00:04]} Bb7 {[%emt 0:00:02]} 19. Qh6 {[%emt 0:00:02]} Bxd5 {
[%emt 0:00:03]} 20. Nxd5 {[%emt 0:00:03]} Qd8 {[%emt 0:00:01]} 21. h4 {
[%emt 0:00:03]} Nc7 {[%emt 0:00:04]} 22. Nf4 {[%emt 0:00:02]} Qf6 {
[%emt 0:00:02]} 23. Rd1 {[%emt 0:00:02]} Rg8 {[%emt 0:00:01]} 24. Nh3 {
[%emt 0:00:00]} Rae8 {[%emt 0:00:07]} 25. Ng5 {[%emt 0:00:01]} Qg7 {
[%emt 0:00:01]} 26. Qxg7+ {[%emt 0:00:03]} Kxg7 {[%emt 0:00:01]} 27. Rxd6 {
[%emt 0:00:02]} h6 {[%emt 0:00:04]} 28. Rd7 {[%emt 0:00:02]} hxg5 {
[%emt 0:00:02]} 29. Rxc7 {[%emt 0:00:01]} Rxe4 {[%emt 0:00:05]} 0-1

[Event "9. Forchheimer Sparkassen Open 2010"]
[Site "Forchheim"]
[Date "2010.10.01"]
[Round "1.31"]
[White "Thurnbauer, Alois"]
[Black "Askri, Samir"]
[Result "1-0"]
[WhiteElo "1602"]
[BlackElo "1327"]
[PlyCount "111"]
[EventDate "2010.??.??"]
[WhiteTeam "SC Ortenburg 1894 e.V."]
[BlackTeam "SG Siemens Amberg"]

1. d4 {[%emt 0:00:00]} Nf6 {[%emt 0:00:02]} 2. Nf3 {[%emt 0:00:01]} g6 {
[%emt 0:00:01]} 3. Bf4 {[%emt 0:00:03]} Bg7 {[%emt 0:00:02]} 4. e3 {
[%emt 0:00:04]} O-O {[%emt 0:00:02]} 5. c4 {[%emt 0:00:02]} d6 {[%emt 0:00:02]}
6. Nbd2 {[%emt 0:00:02]} Nbd7 {[%emt 0:00:02]} 7. Be2 {[%emt 0:00:02]} c5 {
[%emt 0:00:03]} 8. d5 {[%emt 0:00:13]} Nh5 {[%emt 0:00:03]} 9. Rb1 {
[%emt 0:00:02]} Nxf4 {[%emt 0:00:02]} 10. exf4 {[%emt 0:00:02]} Nb6 {
[%emt 0:00:02]} 11. Bd3 {[%emt 0:00:02]} Re8 {[%emt 0:00:02]} 12. O-O {
[%emt 0:00:02]} e6 {[%emt 0:00:01]} 13. dxe6 {[%emt 0:00:03]} Bxe6 {
[%emt 0:00:06]} 14. Ng5 {[%emt 0:00:02]} Bd7 {[%emt 0:00:02]} 15. b3 {
[%emt 0:00:02]} Bc6 {[%emt 0:00:03]} 16. Qc2 {[%emt 0:00:03]} f5 {
[%emt 0:00:02]} 17. h4 {[%emt 0:00:02]} Nd7 {[%emt 0:00:02]} 18. h5 {
[%emt 0:00:02]} Nf6 {[%emt 0:00:02]} 19. hxg6 {[%emt 0:00:02]} hxg6 {
[%emt 0:00:01]} 20. Rfe1 {[%emt 0:00:07]} Ng4 {[%emt 0:00:02]} 21. Be2 {
[%emt 0:00:03]} Nh6 {[%emt 0:00:02]} 22. Ndf3 {[%emt 0:00:12]} Bf6 {
[%emt 0:00:02]} 23. Bd3 {[%emt 0:00:02]} Bxf3 {[%emt 0:00:05]} 24. Nxf3 {
[%emt 0:00:02]} Kg7 {[%emt 0:00:02]} 25. Rxe8 {[%emt 0:00:02]} Qxe8 {
[%emt 0:00:01]} 26. Re1 {[%emt 0:00:03]} Qd7 {[%emt 0:00:03]} 27. Qe2 {
[%emt 0:00:00]} Nf7 {[%emt 0:00:01]} 28. Qe6 {[%emt 0:00:02]} Qc7 {
[%emt 0:00:05]} 29. Qd5 {[%emt 0:00:02]} Rd8 {[%emt 0:00:06]} 30. Re6 {
[%emt 0:00:13]} b6 {[%emt 0:00:03]} 31. Bxf5 {[%emt 0:00:03]} gxf5 {
[%emt 0:00:02]} 32. Qxf5 {[%emt 0:00:02]} Bc3 {[%emt 0:00:03]} 33. Nh4 {
[%emt 0:00:23]} Rg8 {[%emt 0:00:02]} 34. Qg4+ {[%emt 0:00:02]} Kf8 {
[%emt 0:00:03]} 35. Re8+ {[%emt 0:00:02]} Kxe8 {[%emt 0:00:01]} 36. Qxg8+ {
[%emt 0:00:01]} Ke7 {[%emt 0:00:03]} 37. Nf5+ {[%emt 0:00:01]} Ke6 {
[%emt 0:00:03]} 38. Qg6+ {[%emt 0:00:03]} Bf6 {[%emt 0:00:03]} 39. Ne3 {
[%emt 0:00:03]} Qd8 {[%emt 0:00:01]} 40. Qf5+ {[%emt 0:00:02]} Ke7 {
[%emt 0:00:03]} 41. Nd5+ {[%emt 0:00:03]} Kf8 {[%emt 0:00:02]} 42. Qxf6 {
[%emt 0:00:02]} Qxf6 {[%emt 0:00:01]} 43. Nxf6 {[%emt 0:00:01]} Ke7 {
[%emt 0:00:02]} 44. Nd5+ {[%emt 0:00:02]} Ke6 {[%emt 0:00:02]} 45. g4 {
[%emt 0:00:03]} Nh6 {[%emt 0:00:02]} 46. f3 {[%emt 0:00:07]} Ng8 {
[%emt 0:00:02]} 47. Kf2 {[%emt 0:00:00]} Ne7 {[%emt 0:00:03]} 48. Nxe7 {
[%emt 0:00:04]} Kxe7 {[%emt 0:00:01]} 49. Ke2 {[%emt 0:00:02]} Kf6 {
[%emt 0:00:03]} 50. Ke3 {[%emt 0:00:09]} a6 {[%emt 0:00:06]} 51. Ke4 {
[%emt 0:00:09]} Ke7 {[%emt 0:00:05]} 52. g5 {[%emt 0:00:02]} b5 {[%emt 0:00:01]
} 53. f5 {[%emt 0:00:03]} bxc4 {[%emt 0:00:02]} 54. bxc4 {[%emt 0:00:02]} a5 {
[%emt 0:00:01]} 55. a4 {[%emt 0:00:07]} Kd7 {[%emt 0:00:10]} 56. f6 {
Rest unleserlich [%emt 0:00:00]} 1-0

[Event "9. Forchheimer Sparkassen Open 2010"]
[Site "Forchheim"]
[Date "2010.10.01"]
[Round "1.32"]
[White "Meulner, Fabian"]
[Black "Kreutz, Daniel"]
[Result "1-0"]
[WhiteElo "1309"]
[BlackElo "1822"]
[PlyCount "89"]
[EventDate "2010.??.??"]
[WhiteTeam "SW Nürnberg Süd e.V."]
[BlackTeam "Pulheimer Sport-Club 1924/57 e.V"]

1. d4 {[%emt 0:00:00]} Nf6 {[%emt 0:00:01]} 2. Bg5 {[%emt 0:00:02]} e6 {
[%emt 0:00:01]} 3. e3 {[%emt 0:00:02]} Be7 {[%emt 0:00:02]} 4. Bd3 {
[%emt 0:00:02]} b6 {[%emt 0:00:02]} 5. Nf3 {[%emt 0:00:02]} Bb7 {[%emt 0:00:02]
} 6. c3 {[%emt 0:00:02]} d6 {[%emt 0:00:01]} 7. O-O {[%emt 0:00:06]} Nbd7 {
[%emt 0:00:02]} 8. Nbd2 {[%emt 0:00:02]} h6 {[%emt 0:00:01]} 9. Bxf6 {
[%emt 0:00:02]} Nxf6 {[%emt 0:00:02]} 10. Qe2 {[%emt 0:00:02]} Qd7 {
[%emt 0:00:02]} 11. Bb5 {[%emt 0:00:02]} c6 {[%emt 0:00:02]} 12. Ba6 {
[%emt 0:00:02]} O-O {[%emt 0:00:02]} 13. Bxb7 {[%emt 0:00:02]} Qxb7 {
[%emt 0:00:02]} 14. h3 {[%emt 0:00:04]} c5 {[%emt 0:00:01]} 15. Rfe1 {
[%emt 0:00:05]} Ne4 {[%emt 0:00:02]} 16. Nxe4 {[%emt 0:00:02]} Qxe4 {
[%emt 0:00:02]} 17. Rad1 {[%emt 0:00:05]} Rfd8 {[%emt 0:00:04]} 18. Qd3 {
[%emt 0:00:03]} Qd5 {[%emt 0:00:01]} 19. c4 {[%emt 0:00:02]} Qb7 {
[%emt 0:00:02]} 20. d5 {[%emt 0:00:02]} e5 {[%emt 0:00:01]} 21. e4 {
[%emt 0:00:02]} Rab8 {[%emt 0:00:01]} 22. b3 {[%emt 0:00:01]} Qd7 {
[%emt 0:00:01]} 23. a4 {[%emt 0:00:02]} Kh8 {[%emt 0:00:02]} 24. Qe3 {
[%emt 0:00:02]} a6 {[%emt 0:00:01]} 25. Ra1 {[%emt 0:00:05]} Rg8 {
[%emt 0:00:02]} 26. Qd3 {[%emt 0:00:03]} g6 {[%emt 0:00:01]} 27. Qe3 {
[%emt 0:00:02]} Kh7 {[%emt 0:00:01]} 28. Kf1 {[%emt 0:00:04]} b5 {
[%emt 0:00:01]} 29. axb5 {[%emt 0:00:02]} axb5 {[%emt 0:00:01]} 30. Reb1 {
[%emt 0:00:03]} Rb7 {[%emt 0:00:01]} 31. g4 {[%emt 0:00:03]} Rgb8 {
[%emt 0:00:03]} 32. Re1 {[%emt 0:00:02]} bxc4 {[%emt 0:00:02]} 33. bxc4 {
[%emt 0:00:01]} Rb3 {[%emt 0:00:02]} 34. Qe2 {[%emt 0:00:03]} h5 {
[%emt 0:00:01]} 35. Ng1 {[%emt 0:00:02]} hxg4 {[%emt 0:00:02]} 36. Qxg4 {
[%emt 0:00:02]} Qxg4 {[%emt 0:00:03]} 37. hxg4 {[%emt 0:00:01]} Kh6 {
[%emt 0:00:01]} 38. Ra7 {[%emt 0:00:02]} R8b7 {[%emt 0:00:03]} 39. Rxb7 {
[%emt 0:00:02]} Rxb7 {[%emt 0:00:02]} 40. Ra1 {[%emt 0:00:02]} Kg5 {
[%emt 0:00:01]} 41. f3 {[%emt 0:00:03]} Rb4 {[%emt 0:00:02]} 42. Rc1 {
[%emt 0:00:02]} Kf4 {[%emt 0:00:08]} 43. Rc3 {[%emt 0:00:03]} Rb1+ {
[%emt 0:00:03]} 44. Kf2 {[%emt 0:00:02]} Rb4 {[%emt 0:00:02]} 45. Nh3# {
[%emt 0:00:01]} 1-0

[Event "9. Forchheimer Sparkassen Open 2010"]
[Site "Forchheim"]
[Date "2010.10.01"]
[Round "1.33"]
[White "Haimerl, Willibald"]
[Black "Gründel, Josef"]
[Result "1-0"]
[WhiteElo "2400"]
[BlackElo "1597"]
[PlyCount "117"]
[EventDate "2010.??.??"]
[TimeControl "300"]

1. e4 e5 2. Nf3 Nc6 3. Bb5 Nf6 4. O-O Nxe4 5. d4 Nd6 6. Bxc6 dxc6 7. dxe5 Ne4
8. Qxd8+ Kxd8 9. Re1 Nc5 10. h3 Ne6 11. Nc3 h6 12. Ne4 b6 13. b3 Bb7 14. Bb2 c5
15. g3 Kd7 16. Nfd2 Re8 17. f4 Kc8 18. c4 g5 19. Nf6 Rd8 20. Nde4 gxf4 21. g4
Be7 22. Rad1 Rxd1 23. Rxd1 Bxe4 24. Nxe4 Bh4 25. Kg2 Rg8 26. Kf3 Rd8 27. Rd5
Be7 28. Nc3 Rxd5 29. cxd5 Ng5+ 30. Kxf4 Nxh3+ 31. Kf5 a6 32. Ne4 Kd7 33. Bc1
Bf8 34. Nf6+ Ke7 35. Bxh6 Bxh6 36. Ng8+ Kf8 37. Nxh6 Kg7 38. d6 Nf4 39. Kxf4
cxd6 40. exd6 Kf6 41. Nf5 Ke6 42. Ke4 b5 43. a3 f6 44. Kd3 Kd7 45. Ke3 Ke6 46.
Ke4 a5 47. Kd3 Kd7 48. Kc3 Kc6 49. b4 cxb4+ 50. axb4 a4 51. Nd4+ Kxd6 52. Nxb5+
Kc6 53. Kc4 Kb6 54. Na3 Kc6 55. b5+ Kb6 56. Kb4 Kb7 57. Kxa4 Kb6 58. Kb4 Kb7
59. Kc5 1-0

[Event "9. Forchheimer Sparkassen Open 2010"]
[Site "Forchheim"]
[Date "2010.10.01"]
[Round "1.34"]
[White "Alka, Kurt"]
[Black "Larisch, Thomas"]
[Result "0-1"]
[WhiteElo "1303"]
[BlackElo "1597"]
[PlyCount "102"]
[EventDate "2010.??.??"]
[WhiteTeam "SC Erlangen 48/88"]
[BlackTeam "RMV Conc. Strullendorf"]

1. e4 {[%emt 0:00:00]} c5 {[%emt 0:00:00]} 2. Nf3 {[%emt 0:00:02]} Nc6 {
[%emt 0:00:02]} 3. d4 {[%emt 0:00:01]} cxd4 {[%emt 0:00:03]} 4. Nxd4 {
[%emt 0:00:01]} e6 {[%emt 0:00:04]} 5. Nc3 {[%emt 0:00:02]} Bc5 {[%emt 0:00:02]
} 6. Nxc6 {[%emt 0:00:03]} bxc6 {[%emt 0:00:00]} 7. Qg4 {[%emt 0:00:09]} Qf6 {
[%emt 0:00:01]} 8. f3 {[%emt 0:00:02]} Ne7 {[%emt 0:00:07]} 9. Qf4 {
[%emt 0:00:01]} Qd4 {[%emt 0:00:01]} 10. Qd2 {[%emt 0:00:01]} O-O {
[%emt 0:00:04]} 11. Qxd4 {[%emt 0:00:01]} Bxd4 {[%emt 0:00:01]} 12. Bd2 {
[%emt 0:00:01]} d5 {[%emt 0:00:04]} 13. Bd3 {[%emt 0:00:02]} Bb7 {
[%emt 0:00:01]} 14. O-O-O {[%emt 0:00:03]} a5 {[%emt 0:00:01]} 15. Ne2 {
[%emt 0:00:04]} Bb6 {[%emt 0:00:01]} 16. Bf4 {[%emt 0:00:06]} Ng6 {
[%emt 0:00:01]} 17. Bd6 {[%emt 0:00:08]} Rfd8 {[%emt 0:00:03]} 18. e5 {
[%emt 0:00:05]} Ba6 {[%emt 0:00:02]} 19. Bxa6 {[%emt 0:00:04]} Rxa6 {
[%emt 0:00:01]} 20. g3 {[%emt 0:00:10]} c5 {[%emt 0:00:03]} 21. Nc3 {
[%emt 0:00:07]} c4 {[%emt 0:00:01]} 22. Na4 {[%emt 0:00:06]} Ba7 {
[%emt 0:01:16]} 23. Nc5 {[%emt 0:00:05]} Raxd6 {[%emt 0:00:04]} 24. exd6 {
[%emt 0:00:01]} Bxc5 {[%emt 0:00:06]} 25. c3 {[%emt 0:00:02]} Ne5 {
[%emt 0:00:02]} 26. f4 {[%emt 0:00:03]} Nd3+ {[%emt 0:00:01]} 27. Rxd3 {
[%emt 0:00:02]} cxd3 {[%emt 0:00:01]} 28. Kd2 {[%emt 0:00:02]} Rxd6 {
[%emt 0:00:01]} 29. Kxd3 {[%emt 0:00:02]} Rb6 {[%emt 0:00:02]} 30. b3 {
[%emt 0:00:02]} Kf8 {[%emt 0:00:01]} 31. Rc1 {[%emt 0:00:04]} Ke7 {
[%emt 0:00:03]} 32. Re1 {[%emt 0:00:02]} Kd7 {[%emt 0:00:01]} 33. Re5 {
[%emt 0:00:03]} f6 {[%emt 0:00:02]} 34. Rh5 {[%emt 0:00:02]} h6 {[%emt 0:00:01]
} 35. c4 {[%emt 0:00:02]} Rd6 {[%emt 0:00:02]} 36. g4 {[%emt 0:00:04]} dxc4+ {
[%emt 0:00:01]} 37. Kxc4 {[%emt 0:00:01]} Bb4 {[%emt 0:00:02]} 38. Rh3 {
[%emt 0:00:02]} Rc6+ {[%emt 0:00:01]} 39. Kb5 {[%emt 0:00:06]} Kc7 {
[%emt 0:00:07]} 40. Ka4 {[%emt 0:00:04]} Rc3 {[%emt 0:00:02]} 41. Rxc3+ {
[%emt 0:00:06]} Bxc3 {[%emt 0:00:01]} 42. Kb5 {[%emt 0:00:02]} Kd6 {
[%emt 0:00:01]} 43. Kc4 {[%emt 0:00:02]} Bb4 {[%emt 0:00:02]} 44. h4 {
[%emt 0:00:02]} f5 {[%emt 0:00:02]} 45. gxf5 {[%emt 0:00:02]} exf5 {
[%emt 0:00:01]} 46. h5 {[%emt 0:00:02]} Bd2 {[%emt 0:00:02]} 47. Kb5 {
[%emt 0:00:02]} Kd5 {[%emt 0:00:01]} 48. a3 {[%emt 0:00:02]} Ke4 {
[%emt 0:00:01]} 49. b4 {[%emt 0:00:07]} axb4 {[%emt 0:00:04]} 50. axb4 {
[%emt 0:00:01]} Bxb4 {[%emt 0:00:04]} 51. Kxb4 {[%emt 0:00:01]} Kxf4 {
[%emt 0:00:01]} 0-1

[Event "9. Forchheimer Sparkassen Open 2010"]
[Site "Forchheim"]
[Date "2010.10.01"]
[Round "1.35"]
[White "Schütz, Robert"]
[Black "Eisenschmid, Oliver"]
[Result "1/2-1/2"]
[WhiteElo "2400"]
[BlackElo "2400"]
[PlyCount "113"]
[EventDate "2010.??.??"]
[TimeControl "300"]

1. e4 c5 2. Nf3 g6 3. d4 cxd4 4. Nxd4 Nc6 5. Nc3 Bg7 6. Be3 Nf6 7. e5 Nxe5 8.
Bf4 d6 9. Bb5+ Bd7 10. Qe2 O-O 11. Bxe5 Bxb5 12. Ndxb5 dxe5 13. Qxe5 a6 14. Rd1
Nd7 15. Qc7 axb5 16. Qxd7 Qxd7 17. Rxd7 Bxc3+ 18. bxc3 Rxa2 19. Kd2 e6 20. Rb1
Raa8 21. Rxb5 b6 22. Rxb6 Rfd8 23. Rbd6 Rxd7 24. Rxd7 Kg7 25. c4 Kf6 26. Kc3 e5
27. c5 Ra4 28. Kb3 Rf4 29. Rd2 Ke7 30. Rd3 Rxf2 31. c6 Rf6 32. Rc3 Kd8 33. Kb4
Kc7 34. Kb5 e4 35. Re3 Re6 36. g4 f5 37. gxf5 gxf5 38. Kc5 Rxc6+ 39. Kd5 Rxc2
40. Ke5 Rc5+ 41. Kf4 Kd6 42. Rh3 Re5 43. Re3 Ke6 44. Ra3 Kf6 45. Re3 Re7 46.
Rh3 Rg7 47. Rh6+ Rg6 48. Rxh7 Rg4+ 49. Ke3 Rg7 50. Rh3 Rg4 51. Rh8 Kg7 52. Rh5
Kf6 53. Rh8 Rg1 54. Rf8+ Ke6 55. Re8+ Kf7 56. Re5 Kf6 57. Re8 1/2-1/2